Fundamentals of Ecology (Record no. 95)
[ view plain ]
| 000 -LEADER | |
|---|---|
| Fixed length control field | 00506nam a2200193 4500 |
| 003 - CONTROL NUMBER IDENTIFIER | |
| Control field | SEACOMMC |
| 005 - DATE AND TIME OF LATEST TRANSACTION | |
| Control field | 20231010101415.0 |
| 008 - FIXED-LENGTH DATA ELEMENTS--GENERAL INFORMATION | |
| Fixed length control field | 231010b |||||||| |||| 00| 0 eng d |
| 020 ## - INTERNATIONAL STANDARD BOOK NUMBER / ISBN | |
| Price | Rs. 250.00 |
| 040 ## - CATALOGING SOURCE | |
| Original cataloging agency | SEACOMMC |
| 082 ## - DEWEY DECIMAL CLASSIFICATION NUMBER | |
| Classification number | 333.714 |
| Book Number | DAS |
| 100 1# - MAIN ENTRY--PERSONAL NAME | |
| Personal name | Dash, Madhab C. |
| 245 1# - TITLE STATEMENT | |
| Title | Fundamentals of Ecology |
| Statement of responsibility | Madhab C. Dash |
| 250 ## - EDITION STATEMENT | |
| Edition statement | 2nd ed. |
| 260 ## - IMPRINT | |
| Place of publication | New Delhi |
| Name of publisher | Tata McGraw-Hill |
| Date of publication | 2005 |
| 650 ## - SUBJECT ADDED ENTRY--TOPICAL TERM | |
| Topical term | Economics |
| 650 ## - SUBJECT ADDED ENTRY--TOPICAL TERM | |
| Topical term | land, recreational and wilderness areas, energy |
| 942 ## - ADDED ENTRY ELEMENTS (KOHA) | |
| Koha item type | Books |
| Withdrawn status | Lost status | Source of classification | Damaged status | Not for loan | Home library | Current library | Date acquired | Total Checkouts | Call number | Accession number | Date last seen | Price effective from | Koha item type |
|---|---|---|---|---|---|---|---|---|---|---|---|---|---|
| Dewey Decimal Classification | SEACOM MANAGEMENT COLLEGE | SEACOM MANAGEMENT COLLEGE | 22/07/2006 | 333.714 DAS | 04164 | 10/10/2023 | 10/10/2023 | Books | |||||
| Dewey Decimal Classification | SEACOM MANAGEMENT COLLEGE | SEACOM MANAGEMENT COLLEGE | 22/07/2006 | 333.714 DAS | 04165 | 10/10/2023 | 10/10/2023 | Books | |||||
| Dewey Decimal Classification | SEACOM MANAGEMENT COLLEGE | SEACOM MANAGEMENT COLLEGE | 22/07/2006 | 333.714 DAS | 04166 | 10/10/2023 | 10/10/2023 | Books | |||||
| Dewey Decimal Classification | SEACOM MANAGEMENT COLLEGE | SEACOM MANAGEMENT COLLEGE | 22/07/2006 | 333.714 DAS | 04167 | 10/10/2023 | 10/10/2023 | Books | |||||
| Dewey Decimal Classification | SEACOM MANAGEMENT COLLEGE | SEACOM MANAGEMENT COLLEGE | 22/07/2006 | 333.714 DAS | 04168 | 10/10/2023 | 10/10/2023 | Books | |||||
| Dewey Decimal Classification | SEACOM MANAGEMENT COLLEGE | SEACOM MANAGEMENT COLLEGE | 22/07/2006 | 333.714 DAS | 04169 | 10/10/2023 | 10/10/2023 | Books | |||||
| Dewey Decimal Classification | SEACOM MANAGEMENT COLLEGE | SEACOM MANAGEMENT COLLEGE | 22/07/2006 | 333.714 DAS | 04170 | 10/10/2023 | 10/10/2023 | Books | |||||
| Dewey Decimal Classification | SEACOM MANAGEMENT COLLEGE | SEACOM MANAGEMENT COLLEGE | 22/07/2006 | 333.714 DAS | 04171 | 10/10/2023 | 10/10/2023 | Books | |||||
| Dewey Decimal Classification | SEACOM MANAGEMENT COLLEGE | SEACOM MANAGEMENT COLLEGE | 22/07/2006 | 333.714 DAS | 04172 | 10/10/2023 | 10/10/2023 | Books | |||||
| Dewey Decimal Classification | SEACOM MANAGEMENT COLLEGE | SEACOM MANAGEMENT COLLEGE | 22/07/2006 | 333.714 DAS | 04173 | 10/10/2023 | 10/10/2023 | Books |
